000 00469nam a2200145Ia 4500
005 20250122045307.0
008 240331s9999 xx 000 0 und d
082 _bNAR
_a920
100 _aNarayan, J
245 0 _aPrison diary
260 _aBombay
_bPopular Prakashan
_c1975
300 _axii, 144 p .,
500 _aJayaprakash Narayan's Prison Diary is a historic document whose significance will outlive the circumstances in which it came to be written.
942 _cL
999 _c4441
_d4441